The Political Ideas of ST. Thomas Aquinas (Record no. 54208)
[ view plain ]
| 000 -LEADER | |
|---|---|
| fixed length control field | 00399nam a2200169Ia 4500 |
| 003 - CONTROL NUMBER IDENTIFIER | |
| control field | 0100 |
| 005 - DATE AND TIME OF LATEST TRANSACTION | |
| control field | 20170922111538.0 |
| 008 - FIXED-LENGTH DATA ELEMENTS--GENERAL INFORMATION | |
| fixed length control field | 130303s9999 xx 000 0 und d |
| 040 ## - CATALOGING SOURCE | |
| Transcribing agency | ARRUPELIB |
| 050 ## - LIBRARY OF CONGRESS CALL NUMBER | |
| Classification number | JC21.T42 1953 |
| 300 ## - PHYSICAL DESCRIPTION | |
| Dimensions | 20cm. |
| 100 ## - MAIN ENTRY--PERSONAL NAME | |
| Personal name | Bigongiari, Dino |
| 9 (RLIN) | 36126 |
| 245 #4 - TITLE STATEMENT | |
| Title | The Political Ideas of ST. Thomas Aquinas |
| Statement of responsibility, etc | Thomas Aquinas St. edited by Dino Bigongiari |
| 260 ## - PUBLICATION, DISTRIBUTION, ETC. (IMPRINT) | |
| Name of publisher, distributor, etc | Hafner Publishing Company |
| Place of publication, distribution, etc | New York |
| Date of publication, distribution, etc | 1953 |
| 300 ## - PHYSICAL DESCRIPTION | |
| Extent | xxxviii, 217p. ; |
| 650 ## - SUBJECT ADDED ENTRY--TOPICAL TERM | |
| Topical term following geographic name as entry element | Political science |
| 9 (RLIN) | 36127 |
| 650 ## - SUBJECT ADDED ENTRY--TOPICAL TERM | |
| Topical term following geographic name as entry element | Law |
| General subdivision | Philosophy |
| 9 (RLIN) | 10576 |
| 650 ## - SUBJECT ADDED ENTRY--TOPICAL TERM | |
| Topical term following geographic name as entry element | Justice |
| 9 (RLIN) | 36128 |
| 700 ## - ADDED ENTRY--PERSONAL NAME | |
| Personal name | Bigongiari, Dino ed. |
| 9 (RLIN) | 36023 |
| 942 ## - ADDED ENTRY ELEMENTS (KOHA) | |
| Source of classification or shelving scheme | Library of Congress Classification |
| Koha item type | Monograph ( Printed materials) |
| Withdrawn status | Lost status | Source of classification or shelving scheme | Damaged status | Not for loan | Collection code | Home library | Current library | Shelving location | Date acquired | Total Checkouts | Full call number | Barcode | Date last seen | Copy number | Price effective from | Koha item type | Date checked out |
|---|---|---|---|---|---|---|---|---|---|---|---|---|---|---|---|---|---|
| Library of Congress Classification | Main Collection | ARRUPE LIBRARY | ARRUPE LIBRARY | Main Collection | 04/03/2013 | JC121.T42 1953 | 46003087752 | 29/06/2018 | 1 | 04/03/2013 | Monograph ( Printed materials) | ||||||
| Library of Congress Classification | Main Collection | ARRUPE LIBRARY | ARRUPE LIBRARY | Main Collection | 04/03/2013 | JC121.T42 1953 | 46003087755 | 29/06/2018 | 2 | 04/03/2013 | Monograph ( Printed materials) | ||||||
| Library of Congress Classification | Main Collection | ARRUPE LIBRARY | ARRUPE LIBRARY | Main Collection | 04/03/2013 | JC121.T421953 | 46003087342 | 29/06/2018 | 3 | 04/03/2013 | Monograph ( Printed materials) | ||||||
| Library of Congress Classification | Main Collection | ARRUPE LIBRARY | ARRUPE LIBRARY | Main Collection | 21/09/2017 | JC121.T42 1953 | 46500027970 | 07/05/2018 | 4 | 21/09/2017 | Monograph ( Printed materials) | ||||||
| Library of Congress Classification | Main Collection | ARRUPE LIBRARY | ARRUPE LIBRARY | Main Collection | 22/09/2017 | 3 | JC121.T42 1953 | 46500027781 | 17/05/2018 | 22/09/2017 | Monograph ( Printed materials) | 07/05/2018 |